000 00477nam a22001937a 4500
003 MPLRDC
005 20220104142726.0
008 210129b ||||| |||| 00| 0 eng d
020 _a957-639-181-4
082 _a830.8 EYCS v.296
100 _a林贵真
245 _a现代人的自得其乐
_c
250 _a初版
260 _a
_b尔雅出版社
_c1995
300 _b
490 _a尔雅丛书. 296
650 _a中国文学总集
942 _cBK
_o830.8 EYCS v.296
999 _c33204
_d33194